[Event "Master Open"]
[Site "Lausanne SUI"]
[Date "2000.05.31"]
[Round "1"]
[White "Meyer,Harv"]
[Black "Moiseenko,A"]
[Result "0-1"]
[WhiteElo "2202"]
[BlackElo "2573"]

1.e4 c5 2.Nf3 Nc6 3.Bb5 e6 4.O-O Nge7 5.b3 Nd4 6.Nxd4 cxd4 7.Bb2 Nc6 8.c3 Bc5
9.Na3 O-O 10.Nc2 dxc3 11.dxc3 Qh4 12.Qe2 f5 13.e5 f4 14.Ne1 a6 15.Bd3 d5
16.exd6 Bxd6 17.Nf3 Qh6 18.c4 e5 19.c5 Bxc5 20.Bc4+ Kh8 21.Nxe5 f3 22.gxf3 Nxe5
23.Bxe5 Bh3 24.Rfe1 Rae8 25.Qb2 Rxe5 26.Qxe5 Bd6 27.Kh1 Bxe5 28.Rxe5 Qf4  0-1

[Event "Dutch Team Championships"]
[Site "Breda NED"]
[Date "2000.06.02"]
[Round "2"]
[White "Glek,I"]
[Black "Hoffmann,M"]
[Result "1-0"]
[WhiteElo "2554"]
[BlackElo "2452"]

1.e4 c5 2.Nf3 Nc6 3.Bb5 e6 4.O-O Nge7 5.Re1 a6 6.Bxc6 Nxc6 7.d4 cxd4 8.Nxd4 d6
9.Nc3 Be7 10.Nxc6 bxc6 11.Qg4 g6 12.e5 d5 13.a3 h5 14.Qf3 Rb8 15.Ne2 c5 16.Nf4 a5
17.b3 Bb7 18.Bd2 d4 19.Qe2 Qb6 20.Nh3 Qc6 21.f3 a4 22.Bg5 Bxg5 23.Nxg5 axb3
24.cxb3 Qc7 25.Rac1 O-O 26.b4 Qe7 27.Qd2 cxb4 28.axb4 Bd5 29.Rc5 Rb7 30.h4 Rfb8
31.Rec1 Qd8 32.b5 Rxb5 33.Nxf7 Rxc5 34.Nxd8 Rxc1+ 35.Qxc1 Rxd8 36.Qg5  1-0

[Event "Master Open"]
[Site "Lausanne SUI"]
[Date "2000.06.02"]
[Round "4"]
[White "Vianin,P"]
[Black "Goletto,C"]
[Result "1-0"]
[WhiteElo "2189"]
[BlackElo "2006"]

1.e4 c5 2.Nf3 Nc6 3.Bb5 g6 4.O-O Bg7 5.Qe2 a6 6.Bxc6 bxc6 7.d3 Qc7 8.Nc3 Rb8
9.e5 f6 10.b3 Nh6 11.Na4 Ng4 12.Bb2 O-O 13.h3 Nh6 14.Nxc5 Qa5 15.d4 d6 16.Nd3 c5
17.dxc5 dxc5 18.Nf4 Kh8 19.Nd2 Qc7 20.Nc4 Bb7 21.f3 Bc8 22.Rad1 e6 23.Nd6 g5
24.Nh5 Nf7 25.Nxg7 Kxg7 26.Rd2 Nd8 27.Rfd1 Nc6 28.Qe3  1-0

[Event "Open Victor Syre Mem"]
[Site "Issy Les Moulineaux FRA"]
[Date "2000.06.03"]
[Round "4"]
[White "Godard,M"]
[Black "Degraeve,JM"]
[Result "0-1"]
[WhiteElo "2396"]
[BlackElo "2498"]

1.e4 c5 2.Nf3 Nc6 3.Bb5 g6 4.O-O Bg7 5.Re1 Nf6 6.Nc3 O-O 7.e5 Ne8 8.d3 Nd4
9.Nxd4 cxd4 10.Nd5 e6 11.Nf4 Qa5 12.Bc4 Bxe5 13.b4 Qc7 14.Rxe5 Qxe5 15.Ne2 Qh5
16.Qe1 d6 17.Nxd4 e5 18.Ne2 Nf6 19.Bb3 b6 20.a4 Bb7 21.f3 Rfe8 22.Ng3 Qh4
23.Be3 Nh5 24.Bf2 Nxg3 25.hxg3 Qe7 26.a5 Qc7 27.b5 Rab8 28.Qe3 Bc8 29.axb6 axb6
30.Bd5 Bb7 31.Ra7 Qc8 32.Rxb7 Rxb7 33.c4 Ra7 34.g4 Ra1+ 35.Kh2 Kg7 36.Qxb6 h5
37.g5 Qf5 38.Qe3 Ra2 39.Be4 Qf4+ 40.Qxf4 exf4 41.Bb6 f5 42.gxf6+ Kxf6 43.Bc7 Ke7
44.Bc6 Rf8 45.b6 g5 46.b7 Rb2 47.Be4 g4 48.d4 Kd7 49.Ba5 d5 50.Bxd5 g3+ 51.Kh3 Rb1
52.Kh4 Rf5 53.b8=N+ Ke8 54.Bc6+ Kf7  0-1

[Event "Open Victor Syre Mem"]
[Site "Issy Les Moulineaux FRA"]
[Date "2000.06.03"]
[Round "5"]
[White "Brochet,P"]
[Black "Le Roy,B"]
[Result "1-0"]
[WhiteElo "2335"]
[BlackElo "2135"]

1.e4 c5 2.Nf3 Nc6 3.Bb5 e6 4.O-O Nge7 5.Nc3 a6 6.Bxc6 Nxc6 7.Re1 d6 8.d4 cxd4
9.Nxd4 Be7 10.Nxc6 bxc6 11.Qg4 Bf6 12.e5 dxe5 13.Ne4 h5 14.Qg3 Kf8 15.Be3 Be7
16.Qxe5 Qd5 17.Qc7 Qd7 18.Qf4 Bb7 19.Rad1 Qc8 20.Bc5 a5 21.Bxe7+ Kxe7 22.Nd6  1-0

[Event "NOR Team-ch"]
[Site "Oslo NOR"]
[Date "2000.06.03"]
[Round "4"]
[White "Svedenborg,P"]
[Black "Djurhuus,R"]
[Result "0-1"]
[WhiteElo "2255"]
[BlackElo "2484"]

1.e4 c5 2.Nf3 Nc6 3.Bb5 g6 4.c3 Bg7 5.d4 cxd4 6.cxd4 Qb6 7.Nc3 a6 8.Ba4 Nf6
9.O-O O-O 10.e5 Ne8 11.Re1 Qc7 12.Bf4 b5 13.Bb3 Bb7 14.d5 Na5 15.d6 exd6
16.exd6 Qb8 17.Nd5 Nxb3 18.Ne7+ Kh8 19.Qxb3 Bxf3 20.Qxf3 Bxb2 21.Rab1 Bg7
22.a4 Ra7 23.axb5 axb5 24.Rbc1 Qb7 25.Qb3 Ra8 26.Rc5 Qa6 27.Rxb5 Nxd6 28.Rb6 Qa5
29.Rd1 Ne4 30.h3 Qc5 31.Be3 Qxe7  0-1

[Event "IV Pablo Gorbea Mem Open"]
[Site "Madrid ESP"]
[Date "2000.06.11"]
[Round "2"]
[White "Kogan,A"]
[Black "Rodriguez Bachiller,L"]
[Result "1-0"]
[WhiteElo "2483"]
[BlackElo "2063"]

1.e4 c5 2.Nf3 Nc6 3.Bb5 Nf6 4.Nc3 Qc7 5.O-O a6 6.Bxc6 Qxc6 7.Re1 d6 8.d4 cxd4
9.Nxd4 Qb6 10.Be3 e5 11.Ne6 Qc6 12.Nxf8 Kxf8 13.Bg5 Bg4 14.Qd2 Be6 15.Bxf6 gxf6
16.f4 Rc8 17.Rad1 Ke7 18.f5 Bc4 19.Re3 b5 20.a3 a5 21.b3 b4 22.axb4 axb4
23.Na2 Qb6 24.bxc4 Rxc4 25.Kh1 Rhc8 26.c3 bxc3 27.Nxc3 Rd4 28.Nd5+ Rxd5 29.Qxd5 Rc5
30.Qd2 Rb5 31.Rd3 Rb2 32.Qc1  1-0

[Event "IM"]
[Site "Stockholm SWE"]
[Date "2000.06.12"]
[Round "3"]
[White "Matros,A"]
[Black "Skytte,R"]
[Result "1/2-1/2"]
[WhiteElo "2413"]
[BlackElo "2346"]

1.e4 c5 2.Nf3 Nc6 3.Bb5 e6 4.O-O Nge7 5.Re1 Ng6 6.c3 a6 7.Bf1 Be7 8.d4 d6
9.g3 e5 10.Be3 O-O 11.Nbd2 exd4 12.cxd4 Bg4 13.d5 Nce5 14.h3 Nxf3+ 15.Nxf3 Bxf3
16.Qxf3 Bf6 17.Rab1 Qa5 18.Qd1 Rfe8 19.Bd2 Qxa2 20.Re3 b5 21.Ra3 Qxa3 22.bxa3 Rxe4
23.Bd3 Ra4 24.Bxg6 hxg6 25.Rb3 Rc8 26.Qe2 c4 27.Re3 c3 28.Re8+ Rxe8 29.Qxe8+ Kh7
30.Bc1 Rd4 31.Kg2 Rxd5 32.Qxf7 Rd1 33.Bf4 Rd4 34.Qc7 d5 35.Qc6 g5 36.Be3 Rd1
37.Kf3 d4 38.Ke2 c2 39.Qxc2+ d3+ 40.Qxd3+ Rxd3 41.Kxd3 Be7 42.Bc1 a5 43.Kd4 a4
44.Kd5 Kg6 45.Kc6 b4 46.axb4 Bxb4 47.Kb5 Be1 48.Kxa4 Bxf2 49.g4 Bd4 50.Kb5 Bf6
51.Kc6 Kf7 52.Kd7 g6 53.Bd2 Be7 54.Be3 Bf6 55.Bb6 Bc3 56.Bd8 Bd2 57.Be7 Bf4
58.Bd8  1/2-1/2

[Event "TCh-POR"]
[Site "Aveiro POR"]
[Date "2000.06.16"]
[Round "3"]
[White "Leonardo,J"]
[Black "Morais,V"]
[Result "1/2-1/2"]
[WhiteElo "2280"]
[BlackElo "2156"]

1.e4 c5 2.Nf3 Nc6 3.Bb5 e6 4.O-O Nge7 5.Nc3 Nd4 6.Nxd4 cxd4 7.Ne2 a6 8.Bd3 Nc6
9.c3 Bc5 10.Qc2 Ba7 11.b3 O-O 12.Bb2 Qf6 13.a3 Rd8 14.Rad1 d5 15.exd5 Rxd5
16.c4 Rh5 17.Ng3 Rh4 18.Be4 Bd7 19.d3 Rd8 20.Bc1 Bc8 21.Qe2 Bb8 22.b4 Ne7
23.h3 Ng6 24.Qf3 Qe7 25.Bxg6 fxg6 26.Ne4 h6 27.Qe2 Rf8 28.c5 e5 29.f3 Bd7
30.Qf2 Bc6 31.Qg3 Bxe4 32.fxe4 g5 33.Rxf8+ Qxf8 34.Rf1 Qe7 35.Rf5 Bc7 36.Rxg5 hxg5
37.Bxg5 Rxh3 38.gxh3 Qe6 39.Qg4 Qe8 40.Kg2 Kf8 41.Qf5+ Kg8 42.Bh4 b6 43.cxb6 Bxb6
44.Bg3 Bc7 45.h4 Bd6 46.h5 Kh8 47.Qg6 Qe7 48.Qf5 Qc7 49.Kh3 Qc1 50.a4 Qh1+
51.Bh2 Bxb4 52.h6 Be7 53.hxg7+ Kxg7 54.Qxe5+ Bf6 55.Qf5 Qe1 56.e5 Qe3+ 57.Bg3 Be7
58.Qe6 Bg5 59.Qxa6 Qf3 60.Qa7+ Kg6 61.Qb6+ Kf5 62.Qb1 Qh5+ 63.Kg2 Qe2+ 64.Bf2 Qg4+
65.Kf1 Qh3+ 66.Kg1 Qg4+ 67.Kh1 Qf3+ 68.Kg1 Qg4+ 69.Kf1 Qh3+ 70.Kg1 Qg4+ 71.Kf1 Qh3+
72.Kg1 Qg4+ 73.Kf1 Qh3+  1/2-1/2

[Event "TCh-POR"]
[Site "Aveiro POR"]
[Date "2000.06.16"]
[Round "3"]
[White "De Sousa,Jos"]
[Black "Pinheiro,J"]
[Result "0-1"]
[WhiteElo "2280"]
[BlackElo "2272"]

1.e4 c5 2.Nf3 Nc6 3.Bb5 d6 4.O-O Bd7 5.Re1 Nf6 6.h3 a6 7.Bf1 e6 8.c3 Be7
9.d4 cxd4 10.cxd4 d5 11.exd5 exd5 12.Qb3 O-O 13.Nc3 Na5 14.Qd1 Rc8 15.Bg5 Be6
16.Rc1 b5 17.Ne5 Nc4 18.b3 Nd6 19.Bd3 h6 20.Bxf6 Bxf6 21.Qf3 Bg5 22.Rc2 Qa5
23.Ree2 Qb4 24.h4 Bxh4 25.Nxd5 Qxd4 26.Nc7 Bf6 27.Qg3 Nf5 28.Bxf5 Bxf5 29.Rc1 Rxc7  0-1

[Event "TCh-POR"]
[Site "Aveiro POR"]
[Date "2000.06.18"]
[Round "5"]
[White "De Sousa,Jos"]
[Black "Rocha,S"]
[Result "1/2-1/2"]
[WhiteElo "2280"]
[BlackElo "2380"]

1.e4 c5 2.Nf3 Nc6 3.Bb5 d6 4.O-O Bd7 5.Re1 Nf6 6.h3 a6 7.Bf1 e5 8.c3 Be7
9.d3 O-O 10.Nbd2 b5 11.a3 Re8 12.b4 a5 13.bxc5 dxc5 14.a4 b4 15.Nc4 Qb8 16.cxb4 axb4
17.Bb2 Bf8 18.Qd2 h6 19.Be2  1/2-1/2

[Event "It"]
[Site "Valjevo YUG"]
[Date "2000.06.18"]
[Round "2"]
[White "Todorov,T"]
[Black "Anka,E"]
[Result "0-1"]
[WhiteElo "2477"]
[BlackElo "2474"]

1.e4 c5 2.Nf3 Nc6 3.Bb5 g6 4.Bxc6 dxc6 5.h3 e5 6.d3 Qe7 7.Be3 Nf6 8.Qd2 c4
9.Qc3 cxd3 10.cxd3 Nd7 11.O-O Bg7 12.Nbd2 O-O 13.b4 f5 14.exf5 gxf5 15.Rae1 Qf7
16.Qc4 Qd5 17.Bg5 Rf7 18.Qh4 Nf8 19.Bh6 Ng6 20.Qh5 Be6 21.Bxg7 Rxg7 22.Qh6 Kh8
23.Nc4 Rag8 24.Ng5 Nf4 25.Ne3 Qd7 26.Nxe6 Nxe6 27.Nxf5 Rxg2+ 28.Kh1 R2g6
29.Qe3 Qd5+ 30.f3 Nf4 31.Ne7 Rg3 32.Rf2 Rxh3+ 33.Rh2 Rxh2+ 34.Kxh2 Qxa2+
35.Re2 Qxe2+  0-1

[Event "It"]
[Site "Valjevo YUG"]
[Date "2000.06.19"]
[Round "3"]
[White "Pikula,D"]
[Black "Damljanovic,B"]
[Result "1/2-1/2"]
[WhiteElo "2476"]
[BlackElo "2534"]

1.e4 c5 2.Nf3 Nc6 3.Bb5 Nf6 4.Nc3 g6 5.Bxc6 dxc6 6.d3 Bg4 7.Be3 Nd7 8.h3 Bxf3
9.Qxf3 Bg7 10.O-O O-O 11.Qe2 e5 12.a3 Qe7 13.Qd2 b6 14.Rab1 Rfd8 15.b4 b5
16.Ne2 a6 17.Qc3 Bf8 18.f4 exf4 19.Nxf4 Bg7 20.Qe1 Re8 21.Bd2 Rad8 22.Bc3 Ne5
23.Kh1 c4 24.d4 Nd7 25.d5 Bxc3 26.Qxc3 c5 27.Rbe1  1/2-1/2

[Event "11th Open"]
[Site "Ljubljana SLO"]
[Date "2000.06.20"]
[Round "4"]
[White "Kecic,S"]
[Black "Podlesnik,B"]
[Result "0-1"]
[WhiteElo "2234"]
[BlackElo "2415"]

1.e4 c5 2.Nf3 Nc6 3.Bb5 e6 4.O-O Nge7 5.Re1 a6 6.Bf1 d5 7.Nc3 d4 8.Ne2 e5
9.b3 h6 10.Ba3 b6 11.c3 g5 12.cxd4 exd4 13.Ng3 Ng6 14.d3 a5 15.Nd2 Bd6 16.Be2 Nce5
17.Nc4 Bc7 18.Nxe5 Nxe5 19.Bc1 Qf6 20.Nh5 Qe7 21.f4 gxf4 22.Bxf4 Be6 23.Ng7+ Kd7
24.Nxe6 fxe6 25.Bh5 Raf8 26.Rf1 Nc6 27.Bxc7 Kxc7 28.Rxf8 Rxf8 29.Qd2 Qh4
30.Bf3 Ne5 31.Rf1 Kd6 32.a4 Kc6 33.Be2 Rxf1+ 34.Bxf1 Qg5 35.Qxg5 hxg5 36.g3 b5
37.Be2 bxa4 38.bxa4 g4 39.Kg2 c4 40.dxc4 Kc5 41.h4 gxh3+ 42.Kxh3 d3 43.Bd1 Kxc4
44.g4 Kd4 45.Bb3 d2 46.g5 Kxe4 47.Kh4 Kf4 48.Kh5 Nf3 49.g6 Nd4 50.Bd1 Nf5  0-1

[Event "Jack Collins Int Final B"]
[Site "New York USA"]
[Date "2000.06.20"]
[Round "2"]
[White "Morrison,W"]
[Black "Treger,E"]
[Result "0-1"]
[WhiteElo "2362"]
[BlackElo "2276"]

1.e4 c5 2.Nf3 Nc6 3.Bb5 Na5 4.b4 a6 5.Be2 cxb4 6.a3 bxa3 7.Bxa3 d6 8.c4 Bd7
9.d4 g6 10.e5 dxe5 11.dxe5 Bg7 12.Nbd2 Nh6 13.Bb2 Nc6 14.Qb3 O-O 15.e6 Bxb2
16.exf7+ Nxf7 17.Qxb2 e5 18.Rd1 Qe7 19.O-O Bf5 20.Rfe1 Rad8 21.c5 Bd3 22.Bxd3 Rxd3
23.Ne4 Rxd1 24.Rxd1 Rd8 25.Rb1 Rd7 26.h4 h6 27.Qa2 Kg7 28.h5 Nd4 29.Nfd2 gxh5
30.Rb6 h4 31.Nf6 Ne2+ 32.Kf1 Nf4 33.Qc2 Ng5 34.g3 hxg3 35.fxg3 Rd4 36.gxf4 Rxf4+
37.Kg2 Rxf6 38.Ne4 Nxe4 39.Qxe4 Rxb6 40.cxb6 Qg5+ 41.Kh3 Qh5+  0-1

[Event "It"]
[Site "Valjevo YUG"]
[Date "2000.06.21"]
[Round "5"]
[White "Pikula,D"]
[Black "Todorov,T"]
[Result "1-0"]
[WhiteElo "2476"]
[BlackElo "2477"]

1.e4 c5 2.Nf3 Nc6 3.Bb5 g6 4.O-O Bg7 5.c3 Nf6 6.Re1 O-O 7.h3 Qb6 8.Na3 a6
9.Ba4 Qc7 10.e5 Ne8 11.d4 b5 12.Bb3 d6 13.e6 fxe6 14.dxc5 Ne5 15.cxd6 exd6
16.Ng5 Rf6 17.Qe2 h6 18.Ne4 Rf7 19.f4 Nc4 20.Nxc4 bxc4 21.Bc2 Qb6+ 22.Nf2 Rc7
23.Qe4 Rb8 24.Qxg6 Nf6 25.Be3 Qc6 26.Bd4 Qe8 27.Qg3 Rxb2 28.Re2 Nh5 29.Qe3 Rb8
30.Ng4 Qf7 31.Rf1 Re7 32.Kh2 e5 33.f5 exd4 34.Qxe7 d3 35.Qd8+ Kh7 36.Re7 Bb7
37.Qc7 Qf8 38.Bd1 Nf6 39.Rxg7+ Kh8 40.Nxf6 Qxf6  1-0

[Event "TCh-POR"]
[Site "Aveiro POR"]
[Date "2000.06.22"]
[Round "6"]
[White "Vitor,A"]
[Black "Morais,V"]
[Result "1-0"]
[WhiteElo "2302"]
[BlackElo "2156"]

1.e4 c5 2.Nf3 Nc6 3.Bb5 e6 4.O-O Nge7 5.Re1 a6 6.Bxc6 Nxc6 7.d4 cxd4 8.Nxd4 d6
9.a4 Bd7 10.Ra3 Rc8 11.Rg3 Nxd4 12.Qxd4 Rxc2 13.Nc3 Qa5 14.Qd1 Rxc3 15.Rxc3 Qxa4
16.Rc8+ Ke7 17.Qxa4 Bxa4 18.Rc7+ Kf6 19.Rxb7 g5 20.b3 Bb5 21.Ba3 Rg8 22.Rb8 Kg7
23.Rd1 Bc6 24.Bxd6 Bxe4 25.Be5+ f6 26.Rd7+ Kg6 27.Rdd8 Kf7 28.Bxf6 Kxf6 29.Rxf8+ Rxf8
30.Rxf8+ Ke5 31.Rg8 Bg6 32.Rd8 g4 33.Kf1 Be4 34.Rg8 Kf4 35.Rc8 Bd3+ 36.Ke1 Be4
37.Rc4 Ke5 38.g3 h5 39.Kd2 Bd5 40.Rb4 Bc6 41.Ke3 Bf3 42.Ra4 Bd5 43.Ra5 Kf6
44.b4 Bc4 45.Rxh5 Kg6 46.Rc5 Bb3 47.Rc6  1-0

[Event "11th Open"]
[Site "Ljubljana SLO"]
[Date "2000.06.22"]
[Round "6"]
[White "Fercec,N"]
[Black "Sebenik,M"]
[Result "0-1"]
[WhiteElo "2464"]
[BlackElo "2294"]

1.e4 c5 2.Nf3 Nc6 3.Bb5 e6 4.O-O Nge7 5.c3 d5 6.exd5 Qxd5 7.d4 cxd4 8.Nxd4 Bd7
9.Be2 Nxd4 10.cxd4 Nf5 11.Bf3 Qxd4 12.Bxb7 Rb8 13.Bf3 Bb5 14.Nc3 Bxf1 15.Bc6+ Kd8
16.Qxf1 Bd6 17.Nb5 Qb6 18.Nxd6 Nxd6 19.Ba4 Ke7 20.Bg5+ f6 21.Be3 Qa5 22.Bb3 Rhd8
23.Re1 e5 24.f4 Rb5 25.Bf2 e4 26.Qe2 Kf8 27.h3 g6 28.Rd1 Kg7 29.Kh2 Rb7 30.Rd5 Qc7
31.g4 Re8 32.Be3 Nf7 33.Kg2 Rd8 34.Rc5 Qd6 35.Rd5 Qe7 36.Ra5 Rd3 37.Ra6 Rbd7
38.Bc4 Qb4 39.Rc6 Rd2  0-1

[Event "It Ingres"]
[Site "Montauban FRA"]
[Date "2000.06.22"]
[Round "1"]
[White "Bergez,L"]
[Black "Marcelin,C"]
[Result "0-1"]
[WhiteElo "2424"]
[BlackElo "2439"]

1.e4 c5 2.Nf3 Nc6 3.Bb5 e6 4.O-O Nge7 5.c3 d5 6.exd5 Qxd5 7.d4 cxd4 8.Nxd4 Bd7
9.Be2 Nxd4 10.cxd4 Bc6 11.Bf3 Qd7 12.Nc3 Nd5 13.Nxd5 Bxd5 14.Bg5 h6 15.Bh4 Be7
16.Bxe7 Kxe7 17.Bxd5 Qxd5 18.Qg4 Rhc8 19.Rfd1 Kf8 20.Rd3 Rc2 21.h4 Rd8 22.Rad1 h5
23.Qf4 Rxb2 24.Rg3 Qf5 25.Qe3 Rb1 26.Rxb1 Qxb1+ 27.Kh2 g6 28.Qg5 Qb6 29.Rf3 Qxd4
30.Rf4 Qd6 31.g4 Qc7 32.Qf6 Rd5 33.Qh8+ Ke7 34.Qf6+ Kf8 35.Qh8+ Ke7 36.Qf6+ Ke8
37.Kg2 Rf5 38.Qh8+ Ke7 39.Rxf5 exf5 40.gxh5 Qc6+ 41.Kh2 Qd6+ 42.Kh3 gxh5
43.Qxh5 Qd3+ 44.Kh2 Qd6+ 45.Kh3 Qg6 46.Qf3 Kf8 47.Qf4 Kg7 48.f3 b6 49.a3 Kh7
50.Kh2 b5 51.Kh3 a6 52.Kh2 Qe6 53.Kh3 a5 54.Kg3 b4 55.axb4 a4 56.Qd4 a3 57.Kf4 a2
58.Qa7 Qh6+ 59.Kxf5 Qg6+ 60.Kf4 Qf6+  0-1

[Event "Fujitsu-Siemens Giants"]
[Site "Frankfurt GER"]
[Date "2000.06.25"]
[Round "8"]
[White "Leko,P"]
[Black "Anand,V"]
[Result "1/2-1/2"]
[WhiteElo "2725"]
[BlackElo "2769"]

1.e4 c5 2.Nf3 Nc6 3.Bb5 g6 4.Bxc6 dxc6 5.d3 Bg7 6.O-O Nf6 7.h3 O-O 8.Nc3 Nd7
9.Be3 e5 10.Qd2 Re8 11.Nh2 Qe7 12.Bh6 Bh8 13.Kh1 Nf8 14.f4 exf4 15.Rxf4 Be6
16.Raf1 Nd7 17.b3 Ne5 18.Nd1 a5 19.Ne3 a4 20.Nhg4 axb3 21.axb3 Bxg4 22.Nxg4 Nxg4
23.Rxg4 Ra1 24.Rf4 Rea8 25.Rf3 Be5 26.Bf4 Rxf1+ 27.Rxf1 Qf6 28.Kg1 Bd4+ 29.Be3 Qg5
30.Rf3 Ra2 31.Kf2 Bxe3+ 32.Rxe3 Qf6+ 33.Kg3 Qg5+ 34.Kf2  1/2-1/2

[Event "VII Open"]
[Site "Linares CHI"]
[Date "2000.06.25"]
[Round "6"]
[White "Llorens,M"]
[Black "Rios,Ad"]
[Result "0-1"]
[WhiteElo "2355"]
[BlackElo "2143"]

1.e4 c5 2.Nf3 Nc6 3.Bb5 g6 4.O-O Bg7 5.Re1 Nf6 6.Bxc6 dxc6 7.d3 O-O 8.h3 b6
9.Nbd2 Ne8 10.a4 Nc7 11.Nc4 Ne6 12.c3 Ba6 13.Qe2 Qc7 14.e5 h6 15.Qe4 Rfd8
16.Nh4 Qd7 17.Qg4 h5 18.Qg3 Qxd3 19.Ne3 Qe4 20.Nf3 Nf4 21.e6 Nxe6 22.Ng4 Qc2
23.Nge5 Rd1 24.Be3 Rxa1 25.Rxa1 Rc8 26.a5 Be2 27.axb6 axb6 28.Ra7 Bxf3 29.Nxf3 Re8
30.Ne5 h4 31.Qxh4 Qd1+ 32.Kh2 Bxe5+ 33.g3 Bf6 34.Qa4 Qf3 35.Ra8 Rxa8 36.Qxa8+ Kg7
37.Qb8 b5 38.h4 Qe4  0-1

[Event "It Ingres"]
[Site "Montauban FRA"]
[Date "2000.06.25"]
[Round "4"]
[White "Bricard,E"]
[Black "Boyd,S"]
[Result "1/2-1/2"]
[WhiteElo "2461"]
[BlackElo "2384"]

1.e4 c5 2.Nf3 Nc6 3.Bb5 e6 4.Bxc6 bxc6 5.d3 d6 6.O-O e5 7.c3 Nf6 8.Re1 Be7
9.d4 cxd4 10.cxd4 exd4 11.Nxd4 Bd7 12.Nc3 O-O 13.Qf3 Re8 14.b3 Qa5 15.Bb2 Qg5
16.h3 Bf8 17.Rad1 Rac8 18.Nde2 Be6 19.Nf4 Nd7 20.Nxe6 Rxe6 21.Qe3 Qxe3 22.Rxe3 Nf6
23.Ba3 Rce8 24.Rd4 d5 25.Bxf8 Kxf8 26.exd5 Rxe3 27.fxe3 cxd5 28.Nxd5 Nxd5
29.Rxd5 Rxe3 30.Rd8+ Re8 31.Rxe8+ Kxe8 32.Kf2 Ke7 33.Ke3 Kd6 34.Kd4 Kc6 35.Kc4 f5
36.b4 g5 37.a4 h5 38.Kd4 Kd6 39.g3 h4 40.gxh4 gxh4 41.b5 f4 42.a5 f3 43.Ke3 Kc5
44.b6  1/2-1/2

[Event "XVIII Open"]
[Site "Andorra AND"]
[Date "2000.06.26"]
[Round "3"]
[White "Westerinen,H"]
[Black "Bibas,D"]
[Result "1-0"]
[WhiteElo "2392"]
[BlackElo "2076"]

1.e4 c5 2.Nf3 Nc6 3.Bb5 g6 4.O-O Bg7 5.Re1 e5 6.Nc3 Nge7 7.Nd5 Nd4 8.Bc4 O-O
9.d3 h6 10.Nxd4 cxd4 11.f4 d6 12.Rf1 Kh7 13.f5 Ng8 14.Bd2 Bd7 15.Qe1 Bc6
16.Rf3 Rc8 17.Qf2 Bxd5 18.Bxd5 Rxc2 19.Bxf7 gxf5 20.Rxf5 Qe7 21.Rf1 Nf6 22.Bb3 Rxb2
23.Qe1 Rxb3 24.axb3 Nd7 25.Qf2 Qe6 26.Rxf8 Nxf8 27.Qf7 b6 28.Bb4 a5 29.Qxe6 Nxe6
30.Bxd6 Nf4 31.Rxf4 exf4 32.Bc7 b5 33.Bxa5 Be5 34.Kf2 Kg6 35.Kf3 h5 36.Bd2  1-0

[Event "XVIII Open"]
[Site "Andorra AND"]
[Date "2000.06.27"]
[Round "4"]
[White "Paillard,D"]
[Black "Hernandez,Rom"]
[Result "1/2-1/2"]
[WhiteElo "2241"]
[BlackElo "2402"]

1.e4 c5 2.Nf3 Nc6 3.Bb5 g6 4.Bxc6 dxc6 5.d3 Bg7 6.h3 Nf6 7.Nc3 e5 8.Nxe5 Nxe4
9.Nxe4 Bxe5 10.O-O Qe7 11.Re1 Be6 12.Qe2 O-O 13.Nxc5 Bd4 14.Ne4 Rfe8 15.c3 Bg7
16.Bf4 h6 17.Bd6  1/2-1/2

[Event "It"]
[Site "Valjevo YUG"]
[Date "2000.06.27"]
[Round "10"]
[White "Stojanovic,Mih"]
[Black "Kozakov,M"]
[Result "0-1"]
[WhiteElo "2443"]
[BlackElo "2426"]

1.e4 c5 2.Nf3 Nc6 3.Bb5 g6 4.O-O Bg7 5.Re1 e5 6.Nc3 Nge7 7.Nd5 O-O 8.d3 d6
9.Bc4 Kh8 10.a3 Nxd5 11.Bxd5 f5 12.exf5 Bxf5 13.Bg5 Qd7 14.Qd2 Be6 15.Bxc6 bxc6
16.Bh6 Rxf3 17.gxf3 Bd5 18.Bxg7+ Kxg7 19.Qg5 Rf8 20.Qg4 Rf5 21.Re3 Qf7 22.Kg2 h5
23.Qg3 Rf4 24.Kf1 Bxf3 25.Ke1 c4 26.Kd2 cxd3 27.cxd3 Bd5 28.f3 Bxf3 29.Rg1 Bd5
30.Qg5 Rf5 31.Qd8 Rf2+ 32.Kc1 Qf4 33.Re1 Rf1 34.Qe7+ Kh6 35.Kc2 Rxe1 36.Rxe1 Qf2+  0-1

[Event "It"]
[Site "Valjevo YUG"]
[Date "2000.06.28"]
[Round "11"]
[White "Todorov,T"]
[Black "Stojanovic,Mih"]
[Result "1-0"]
[WhiteElo "2477"]
[BlackElo "2443"]

1.e4 c5 2.Nf3 Nc6 3.Bb5 Nf6 4.Nc3 Nd4 5.Ba4 Qa5 6.e5 Ne4 7.Nxd4 Nxc3 8.dxc3 Qxa4
9.b3 Qa6 10.Ne2 Qc6 11.f3 g6 12.Bf4 Bg7 13.Qd2 O-O 14.O-O Re8 15.Rad1 d6
16.exd6 exd6 17.c4 Be6 18.Nc3 Rad8 19.Bg5 f6 20.Bf4 Bf7 21.a4 a6 22.h4 Re6
23.Rfe1 f5 24.Rxe6 Bxe6 25.Kf1 Bf7 26.h5 Re8 27.a5 gxh5 28.Nd5 Re6 29.Bg5 Qd7
30.Nf4 Re8 31.Qxd6 Qxd6 32.Rxd6 Be5 33.Rd7 Rb8 34.Nd3 Bc3 35.Nxc5 Bxa5 36.Nxb7 Bb4
37.c5 Rc8 38.Rxf7 Kxf7 39.Nd6+ Ke6 40.Nxc8 Bxc5 41.Ke2  1-0

[Event "White Nights Open"]
[Site "St Petersburg RUS"]
[Date "2000.06.29"]
[Round "6"]
[White "Ivanov,VI"]
[Black "Guseva,O"]
[Result "1-0"]
[WhiteElo "2260"]
[BlackElo "2135"]

1.e4 c5 2.Nf3 Nc6 3.Bb5 g6 4.Bxc6 dxc6 5.h3 Bg7 6.d3 e5 7.Nc3 f6 8.Be3 b6
9.Qd2 Be6 10.O-O Ne7 11.Bh6 O-O 12.Bxg7 Kxg7 13.a4 g5 14.Ne2 Ng6 15.a5 b5
16.Qe3 Qe7 17.Nd2 Rad8 18.Rfc1 Nf4 19.Nf1 Kh8 20.Neg3 g4 21.hxg4 Bxg4 22.Nf5 Bxf5
23.exf5 Qg7 24.Qf3 Rg8 25.Ne3 Rd4 26.g3 Qh6 27.Kf1 Qh3+ 28.Ke1 Nd5 29.Ke2 Nxe3
30.Rh1 Qxf5 31.fxe3 Qxf3+ 32.Kxf3 Rdg4 33.Rh3 f5 34.Ra3 e4+ 35.Kf2 b4 36.Ra1 b3
37.dxe4 bxc2 38.exf5 Rf8 39.Rc1 Rxf5+ 40.Ke2 Ra4 41.Rxc2 Rxa5 42.Rh6 Ra6
43.e4 Re5 44.Kf3 Rb6 45.Kf4 Re7 46.Kf5 Rb3 47.Re6 Rf7+ 48.Ke5 Rxg3 49.Kd6 Rb3
50.e5 Kg7 51.Re8 Rf8 52.Re7+ Kg6 53.Rg2+ Kh6 54.Re6+ Kh5 55.Rf6 Re8 56.Rf5+ Kh4
57.Kd7 Rbb8 58.Rf1 Kh3 59.Rg7 Rb7+ 60.Kxe8 Rxg7 61.e6 Rb7 62.e7 Rxb2 63.Kf7 Re2
64.Rh1+ Kg2 65.Rxh7 Rf2+ 66.Kg8 Re2 67.Kf8 Kf1 68.Rh1+ Kg2 69.Rh6 Rf2+ 70.Kg7 Re2
71.Kf7  1-0

[Event "XVIII Open"]
[Site "Andorra AND"]
[Date "2000.06.30"]
[Round "7"]
[White "Velicka,P"]
[Black "Simonet,M"]
[Result "1-0"]
[WhiteElo "2458"]
[BlackElo "2248"]

1.e4 c5 2.Nf3 Nc6 3.Bb5 g6 4.Bxc6 bxc6 5.O-O Bg7 6.Re1 Nh6 7.c3 O-O 8.h3 f6
9.d4 cxd4 10.cxd4 d5 11.Nc3 Nf7 12.b3 Qd6 13.a4 Qb4 14.Qc2 Re8 15.exd5 Bf5
16.Qd2 Rac8 17.dxc6 Rxc6 18.Nd5 Qb7 19.Ba3 Nd6 20.Qb4 Qd7 21.Rac1 Rxc1 22.Rxc1 Bf8
23.Ne3 Bh6 24.Qa5 Bxe3 25.fxe3 Qe6 26.Rc3 Be4 27.Nd2 Nf5 28.Qb5 Kf7 29.Nxe4 Qxe4
30.Qd3 Qh4 31.e4 Qe1+ 32.Kh2 Nh4 33.Rc1 Qf2 34.Qg3 Qa2 35.Qxh4 Qxa3 36.Qxh7+ Ke6
37.Rc3 Qd6+ 38.Rg3 Qxd4 39.Qxg6 Rb8 40.Qf5+ Kd6 41.Rd3  1-0

[Event "White Nights Open"]
[Site "St Petersburg RUS"]
[Date "2000.07.01"]
[Round "8"]
[White "Chehlov,A"]
[Black "Guseva,O"]
[Result "1-0"]
[WhiteElo "2248"]
[BlackElo "2135"]

1.e4 c5 2.Nf3 Nc6 3.Bb5 g6 4.O-O Bg7 5.c3 e5 6.b4 cxb4 7.cxb4 Nge7 8.Bb2 Nd4
9.Nxd4 exd4 10.d3 O-O 11.Nd2 d5 12.Ba4 dxe4 13.dxe4 Be6 14.Bb3 Qb6 15.a4 Nc6
16.a5 Bxb3 17.Nxb3 Qb5 18.f4 Rfd8 19.e5 Qxb4 20.Ba3 Qb5 21.Bd6 d3 22.Rb1 Nxa5
23.Nxa5 Qxa5 24.Rxb7 Qd5 25.Qb3 Qxb3 26.Rxb3 f6 27.Rd1 fxe5 28.fxe5 Re8 29.Rb5 Rad8
30.Rd5 Rxe5 31.Rxe5 Rxd6 32.Re8+ Kf7 33.Re4 d2 34.Kf2 a5 35.Ke2 Bc3 36.Rf1+ Rf6
37.Rf3 Bb4 38.Kd1 h5 39.h3 Rf5 40.Kc2 Kf6 41.Rc4 Rxf3 42.gxf3 Ke5 43.Re4+ Kd5
44.Rf4 Kc5 45.Rf6 a4 46.Rxg6 Kb5 47.Rg1 Kc4 48.Ra1 a3 49.f4 Kd4 50.f5 Ke5
51.Rb1 a2 52.Ra1 Kxf5 53.Rxa2 Kg5 54.Ra4 Bd6 55.Kxd2 h4 56.Ke3 Bg3 57.Ke4 Kg6
58.Ra6+ Kg5 59.Re6 Kh5 60.Kf5 Bf2 61.Re7 Kh6 62.Kg4 Kg6 63.Re6+ Kf7 64.Re2 Bg3
65.Kg5 Kg7 66.Re7+ Kf8 67.Kf6 Kg8 68.Kg6 Kf8 69.Re4 Bh2 70.Rxh4 Kg8 71.Rc4 Kf8
72.h4 Be5 73.Re4 Ba1 74.h5 Bb2 75.h6 Bc3 76.Rc4  1-0

[Event "White Nights Women"]
[Site "St Petersburg RUS"]
[Date "2000.07.01"]
[Round "8"]
[White "Zimina,O"]
[Black "Eidelson,R"]
[Result "1-0"]
[WhiteElo "2163"]
[BlackElo "2333"]

1.e4 c5 2.Nf3 Nc6 3.Bb5 Qc7 4.O-O a6 5.Bxc6 dxc6 6.d3 Bg4 7.Be3 e5 8.Nbd2 Nf6
9.a4 a5 10.Qe1 Nh5 11.h3 Be6 12.b3 Be7 13.Nc4 f6 14.Bd2 b6 15.Bc3 O-O 16.Qe3 b5
17.Nb2 Nf4 18.Kh2 Nd5 19.exd5 cxd5 20.Kg1 d4 21.Bxd4 cxd4 22.Nxd4 Bd7 23.Nxb5 Qxc2
24.Nc4 Bxb5 25.axb5 Rfd8 26.b6 Qxb3 27.Rfb1 Qc3 28.b7 Rab8 29.Rxa5 Kf7 30.Qf3 Rxd3
31.Qc6 Qd4 32.Ra8 Qd8 33.Rxb8 Qxb8 34.Qc8 Rd8 35.Qxb8 Rxb8 36.Na5 Bd6 37.Nc6 Ke6
38.Nxb8 Bxb8 39.Kf1 Kd7 40.Rc1  1-0